01161nas a2200301 a 4500001001900000003000400019005001700023008004100040035002500081040002300106043003000129080002400159080002700183245006200210260006200272300002200334310001400356362004600370500003000416505002800446510002400474515003000498580008000528650005200608710004500660780006200705856009200767991037194889706706OSt20241120111008.0990426d19301935spc|| p|| ||| 0 b|cat  a(ES-BaCBU).b19767808 aES-BaBCbcatcCDMR ae-sp---be-spc--2catmarc a070(467.1)(091)(05) a061.231:070(467.1)(05)00aButlletí de la Federació de la Premsa Catalano-Balear aBarcelona :bla Federació,c1930-1935e([s.l. :fs.n.]) a4 núm. ;c25 cm aIrregular0 aNúm. 4 (maig 1930)-núm. 7 (maig 1935) aCapçalera tipogràfica8 aNúmeros monogràfics3 aTorrent/Tasis I-700 aEs manté la numeració aContinuació de: Boletín de la Federación de la Prensa Catalano-Balear 7aPremsazCatalunyaxHistòriaxRevistes.2lemac2 aFederació de la Premsa Catalano-Balear00tBoletín de la Federación de la Prensa Catalano-Balear uhttps://arca.bnc.cat/arcabib_pro/ca/consulta/registro.do?id=2712zAccés lliure (ARCA)